Bor sempozyumu 20-22 Haziran 2002 bildiri özetleri (Record no. 8041)

000 -LEADER
fixed length control field 00752nmm a2200241 a 4500
001 - CONTROL NUMBER
control field ocm000701431
003 - CONTROL NUMBER IDENTIFIER
control field TR-IsHL
005 - DATE AND TIME OF LATEST TRANSACTION
control field 20201028141847.0
008 - FIXED-LENGTH DATA ELEMENTS--GENERAL INFORMATION
fixed length control field 131226s2002 tu tur
007 - PHYSICAL DESCRIPTION FIXED FIELD--GENERAL INFORMATION
fixed length control field cr cn
035 ## - SYSTEM CONTROL NUMBER
System control number 701431
-- (N$T)
050 04 - LIBRARY OF CONGRESS CALL NUMBER
Classification number TN917
Item number .B67 2002
090 04 - LOCALLY ASSIGNED LC-TYPE CALL NUMBER (OCLC); LOCAL CALL NUMBER (RLIN)
Classification number (OCLC) (R) ; Classification number, CALL (RLIN) (NR) TN917
Local cutter number (OCLC) ; Book number/undivided call number, CALL (RLIN) .B67 2002
245 10 - TITLE STATEMENT
Title Bor sempozyumu 20-22 Haziran 2002 bildiri özetleri
Medium [electronic resource]
260 ## - PUBLICATION, DISTRIBUTION, ETC.
Place of publication, distribution, etc. Balıkesir :
Name of publisher, distributor, etc. Balıkesir Üniversitesi Yayınları,
Date of publication, distribution, etc. 2002
300 ## - PHYSICAL DESCRIPTION
Extent 78 p.
650 #4 - SUBJECT ADDED ENTRY--TOPICAL TERM
Topical term or geographic name entry element Enerji
650 #4 - SUBJECT ADDED ENTRY--TOPICAL TERM
Topical term or geographic name entry element Energy
650 #0 - SUBJECT ADDED ENTRY--TOPICAL TERM
Topical term or geographic name entry element Bor minarelleri
650 #0 - SUBJECT ADDED ENTRY--TOPICAL TERM
Topical term or geographic name entry element Boron minerals
650 #7 - SUBJECT ADDED ENTRY--TOPICAL TERM
Topical term or geographic name entry element NATURE / Rocks & Minerals
Source of heading or term bisacsh
856 40 - ELECTRONIC LOCATION AND ACCESS
Uniform Resource Identifier <a href="http://search.ebscohost.com/login.aspx?direct=true&scope=site&db=e011xww&AN=701431">http://search.ebscohost.com/login.aspx?direct=true&scope=site&db=e011xww&AN=701431</a>
Holdings
Withdrawn status Lost status Source of classification or shelving scheme Damaged status Not for loan Collection code Permanent Location Current Location Date acquired Total Checkouts Full call number Barcode Date last seen Price effective from Koha item type
        Online   Kıbrıs Amerikan Üniversitesi Kütüphanesi / American University of Cyprus Kıbrıs Amerikan Üniversitesi Kütüphanesi / American University of Cyprus 28.10.2020   TN917 .B67 2002 701431 28.10.2020 28.10.2020 E-Kitap
Devinim Yazılım Eğitim Danışmanlık tarafından Koha'nın orjinal sürümü uyarlanarak geliştirilip kurulmuştur.